Les plus grandes villes de Normandie - Statistiques

Statistiques générales
  • Ce quiz a été pris 183 fois
  • Le résultat moyen est 10 sur 20
Statistiques - réponses
Nombre d'habitants Ville % Correct
114 187 Rouen
99%
165 830 Le Havre
98%
107 250 Caen
94%
77 789 Cherbourg
85%
46 869 Évreux
76%
28 091 Dieppe
74%
19 206 Saint-Lô
71%
25 744 Alençon
66%
19 755 Lisieux
56%
18 054 Fécamp
44%
21 997 Le Petit-Quevilly
37%
24 056 Vernon
37%
26 034 Le Grand-Quevilly
36%
28 331 Saint-Étienne-du-Rouvray
32%
29 071 Sotteville-lès-Rouen
29%
22 150 Hérouville-Saint-Clair
27%
16 087 Elbeuf
22%
19 686 Mont-Saint-Aignan
20%
18 636 Louviers
17%
16 935 Vire-Normandie
7%
Aucun quiz correspondant
Distribution des résultats
% des personnes avec chaque résultat
Percentile par nombre de réponses
Votre historique - résultats
Vous n’avez pas pris ce quiz